000
00228nam a22001097a 4500
040
_c
SK
082
_a
570
100
_a
ឌុក ឆេង
245
_a
ជីវវិទ្យា
260
_a
RUA
_b
ឌុក
_c
1994
942
_c
KB
999
_c
8525
_d
8525